Country Flag-Shapes Slideshow #2 - Statistics

General Stats
  • This quiz has been taken 405 times
  • The average score is 10 of 11
Answer Stats
Answer % Correct
Australia
99%
Brazil
98%
Spain
98%
United States
98%
India
97%
Turkey
97%
Egypt
96%
South Africa
95%
Cambodia
93%
Libya
89%
Costa Rica
86%
No matching quizzes found
Score Distribution
Percent of People with Each Score
Percentile by Number Answered
Your Score History
You have not taken this quiz